000 00589nam a2200229Ia 4500
003 OSt
005 20220909140106.0
008 210210b2008 xxu||||| |||| 00| 0 eng d
020 _a9780070620308
040 _cAL
041 _aeng
082 _a658 KOOE
100 _aKOONTZ (Harold)
_956878
245 _aEssentials of management
_bAn international perspective
250 _a7
260 _aND
_bTata McGraw-Hill Publishing Company Ltd.
_c2008
300 _axxx,475
690 _aManagement
_956879
700 _aWEIHRICH (Heinz)
_956880
906 _a062983
942 _2ddc
_cBK
999 _c130949
_d130949